[Event "SVG Salzgitter-SG Aufbau Elbe Magdeburg"]
[Site "Osnabrück"]
[Date "2010.12.27"]
[Round "1.5"]
[White "Rickmann, David"]
[Black "Langenfeld, Olaf"]
[Result "0-1"]
[WhiteElo "1724"]
[BlackElo "2014"]
[PlyCount "98"]
[EventDate "2010.??.??"]
[WhiteTeam "SG Aufbau Elbe Magdeburg"]
[BlackTeam "SVG Salzgitter"]

1. e4 c5 2. Nc3 Nc6 3. f4 g6 4. Nf3 Bg7 5. g3 e6 6. Bg2 Nge7 7. O-O d6 8. d3
O-O 9. Rb1 Rb8 10. Be3 Nd4 11. Ne2 Nxe2+ 12. Qxe2 b6 13. Nh4 f5 14. e5 dxe5 15.
fxe5 Qc7 16. Nf3 h6 17. h4 Bb7 18. Rfe1 Nc6 19. Bf4 Nd4 20. Qf2 Rfd8 21. Rbc1
Bxf3 22. Bxf3 Nxf3+ 23. Qxf3 Kh7 24. Qe3 Rd5 25. Kg2 Rbd8 26. Rcd1 Rd4 27. c3
R4d5 28. Rd2 Qb7 29. Qf3 Qa6 30. c4 Rd4 31. b3 Qc8 32. Red1 Qc7 33. Qe2 Qb7+
34. Qf3 Qc7 35. Qe2 a6 36. a4 Qe7 37. Qe3 Qc7 38. Qe2 b5 39. axb5 axb5 40. Be3
Rg4 41. d4 Re4 42. dxc5 Qxe5 43. Re1 Rxe3 44. Qxe3 Qxe3 45. Rxe3 Rxd2+ 46. Kf3
bxc4 47. bxc4 Bd4 48. c6 Bxe3 49. c7 Bb6 0-1

[Event "Hagener SV-SC Leipzig-Gohlis"]
[Site "Osnabrück"]
[Date "2010.12.27"]
[Round "1.3"]
[White "Doberitz, Paul"]
[Black "Bonacic, Jascha"]
[Result "1-0"]
[WhiteElo "2202"]
[BlackElo "1921"]
[PlyCount "53"]
[EventDate "2010.??.??"]
[WhiteTeam "SC Leipzig-Gohlis"]
[BlackTeam "Hagener SV"]

1. e4 c5 2. Nf3 d6 3. d4 cxd4 4. Nxd4 Nf6 5. Nc3 g6 6. Be3 Bg7 7. f3 O-O 8. Qd2
Nc6 9. Bc4 Bd7 10. O-O-O Rc8 11. Bb3 Ne5 12. Kb1 Nc4 13. Bxc4 Rxc4 14. h4 h5
15. Nde2 b5 16. Nf4 a5 17. g4 a4 18. gxh5 a3 19. h6 Bxh6 20. b3 Rc8 21. h5 Bg7
22. h6 Bh8 23. h7+ Kg7 24. Qh2 Ng4 25. fxg4 e5 26. Qh6+ Kf6 27. Ncd5# 1-0

[Event "SK Kelheim 1920-FSV Großenseebach"]
[Site "Osnabrück"]
[Date "2010.12.27"]
[Round "1.2"]
[White "Eibl, Maximilian"]
[Black "Linsenmeyer, Mario"]
[Result "0-1"]
[WhiteElo "2063"]
[BlackElo "2151"]
[PlyCount "128"]
[EventDate "2010.??.??"]
[WhiteTeam "SK Kelheim 1920"]
[BlackTeam "FSV Großenseebach"]

1. Nf3 c5 2. g3 Nc6 3. Bg2 g6 4. O-O Bg7 5. e4 Nf6 6. Re1 O-O 7. c3 d6 8. d4
cxd4 9. cxd4 Bg4 10. h3 Bxf3 11. Bxf3 Qb6 12. d5 Ne5 13. Nc3 Nfd7 14. Be2 f5
15. Kg2 Rac8 16. Qb3 fxe4 17. Nxe4 Qd4 18. f3 Nc4 19. Bxc4 Qxc4 20. Qxc4 Rxc4
21. Re2 Nb6 22. Bg5 Nxd5 23. Rd1 Rd4 24. Rxd4 Bxd4 25. Rd2 Ne3+ 26. Kh1 e5 27.
Bxe3 Bxe3 28. Rd3 Bb6 29. Kg2 Bc7 30. Rd5 Kf7 31. Ng5+ Ke7 32. Nxh7 Rf5 33. h4
Ke6 34. Rd3 Bd8 35. Rb3 Rf7 36. Ng5+ Bxg5 37. hxg5 Kf5 38. f4 d5 39. Rb5 Rd7
40. fxe5 Kxe5 41. Kf3 Kf5 42. Ke3 Kxg5 43. Kd4 Kg4 44. Rb3 g5 45. a4 b6 46. Re3
Rf7 47. Kxd5 Rf3 48. Re7 Rb3 49. Rxa7 Kxg3 50. Kc4 Rxb2 51. Kc3 Rf2 52. Ra6 Rf6
53. a5 Rf3+ 54. Kd2 bxa5 55. Rxa5 g4 56. Rg5 Kh3 57. Ke2 Rf8 58. Rg7 g3 59.
Rh7+ Kg2 60. Re7 Kg1 61. Rg7 g2 62. Rh7 Re8+ 63. Kd2 Re5 64. Rf7 Kh2 0-1

[Event "SK Kelheim 1920-FSV Großenseebach"]
[Site "Osnabrück"]
[Date "2010.12.27"]
[Round "1.4"]
[White "Arnold, Sebastian"]
[Black "Kirch, Florian"]
[Result "0-1"]
[WhiteElo "1752"]
[BlackElo "2020"]
[PlyCount "60"]
[EventDate "2010.??.??"]
[WhiteTeam "SK Kelheim 1920"]
[BlackTeam "FSV Großenseebach"]

1. e4 Nf6 2. e5 Nd5 3. d4 d6 4. Nf3 Nc6 5. c4 Nb6 6. Be3 Bg4 7. Be2 dxe5 8.
dxe5 Qxd1+ 9. Kxd1 O-O-O+ 10. Nbd2 Bxf3 11. gxf3 Nxe5 12. Kc2 g6 13. Rad1 Bg7
14. b3 Nc6 15. Ne4 Nd4+ 16. Bxd4 Rxd4 17. Ng5 Rf4 18. Ne4 Nd7 19. Rhg1 Ne5 20.
Rg3 Nc6 21. Kc1 Nd4 22. Re1 Rh4 23. Rg2 Be5 24. Bd1 Rxh2 25. Rxh2 Bxh2 26. Ng3
Kd8 27. Rh1 Bxg3 28. fxg3 h5 29. g4 h4 30. Kd2 g5 0-1

[Event "SK Kelheim 1920-FSV Großenseebach"]
[Site "Osnabrück"]
[Date "2010.12.27"]
[Round "1.6"]
[White "Pernpeintner, Simon"]
[Black "Nemeth-Csoka, Mihaly"]
[Result "0-1"]
[WhiteElo "1598"]
[BlackElo "1746"]
[PlyCount "84"]
[EventDate "2010.??.??"]
[WhiteTeam "SK Kelheim 1920"]
[BlackTeam "FSV Großenseebach"]

1. e4 e5 2. Nf3 Nc6 3. Bc4 Bc5 4. d3 d6 5. O-O Nf6 6. h3 O-O 7. Bg5 Be6 8. Bb3
h6 9. Bh4 Na5 10. Bxe6 fxe6 11. c3 Bb6 12. Nbd2 Qe8 13. Qc2 a6 14. d4 exd4 15.
cxd4 Rc8 16. Rfe1 Qg6 17. Rac1 Nh5 18. e5 Qxc2 19. Rxc2 g5 20. g4 Nf4 21. Bg3
d5 22. Kh2 Nc6 23. Nb3 Nxh3 24. Kxh3 Rxf3 25. Rc3 Rcf8 26. Ree3 Rxe3 27. fxe3
Na5 28. Nxa5 Bxa5 29. Rb3 b6 30. Kg2 Rc8 31. Rd3 c5 32. Bf2 cxd4 33. exd4 Rc2
34. Kf1 Rxb2 35. a3 Rc2 36. Rb3 Rc3 37. Rxc3 Bxc3 38. a4 b5 39. axb5 axb5 40.
Ke2 Kg7 41. Kd3 b4 42. Be3 Kg6 0-1

[Event "SG Bochum 1931-SK Gründau"]
[Site "Osnabrück"]
[Date "2010.12.27"]
[Round "1.2"]
[White "Mazarov, Jürgen"]
[Black "Schulte, Marius"]
[Result "1/2-1/2"]
[WhiteElo "2117"]
[BlackElo "1891"]
[PlyCount "136"]
[EventDate "2010.??.??"]
[WhiteTeam "SG Bochum 1931"]
[BlackTeam "SK Gründau"]

1. e4 d5 2. exd5 Qxd5 3. Nc3 Qd6 4. d4 Nf6 5. g3 c6 6. Bg2 Bf5 7. Nf3 e6 8. O-O
Qc7 9. Ne5 Nbd7 10. Nc4 Nd5 11. Nxd5 cxd5 12. Ne3 Bg6 13. f4 f5 14. Qd3 Nf6 15.
b3 Ne4 16. c4 Rd8 17. Bb2 Qd7 18. Rac1 Be7 19. Rc2 O-O 20. cxd5 exd5 21. Rfc1
Qd6 22. Rc7 Rd7 23. Rxd7 Qxd7 24. Qc2 Bd8 25. Qc8 Qb5 26. Bf1 Qa5 27. Rc2 Nf6
28. Qxb7 Qxa2 29. Bc3 Qb1 30. Rb2 Qc1 31. Nxd5 Ne4 32. Qc6 Bf7 33. Re2 Kh8 34.
Re1 Qc2 35. Ne3 Qxc3 36. Qxc3 Nxc3 37. Nxf5 Bxb3 38. Re3 Ba5 39. Ne7 Nd5 40.
Rxb3 Nxe7 41. Rb7 Nc6 42. Bg2 Nxd4 43. Rxa7 Bd8 44. Rd7 Bf6 45. Kf2 Re8 46. Bf1
g6 47. h4 Re7 48. Rd5 Nf5 49. Rd3 Bd4+ 50. Kf3 Re3+ 51. Rxe3 Nxe3 52. Bd3 Kg7
53. g4 h6 54. Bxg6 Kxg6 55. h5+ Kf6 56. g5+ hxg5 57. fxg5+ Kxg5 58. Ke4 Bb6 59.
Ke5 Kxh5 60. Kf4 Kg6 61. Ke5 Kg5 62. Ke4 Kf6 63. Kf4 Ke6 64. Ke4 Bc5 65. Kf4
Kd5 66. Kf3 Ke5 67. Ke2 Ke4 68. Kf2 Nf5+ 1/2-1/2

[Event "SG Bochum 1931-SK Gründau"]
[Site "Osnabrück"]
[Date "2010.12.27"]
[Round "1.3"]
[White "Hahn, Florian"]
[Black "Kelbling, Philipp"]
[Result "1/2-1/2"]
[WhiteElo "1968"]
[BlackElo "2112"]
[PlyCount "103"]
[EventDate "2010.??.??"]
[WhiteTeam "SK Gründau"]
[BlackTeam "SG Bochum 1931"]

1. c4 c6 2. g3 d5 3. Nf3 Nf6 4. Qc2 g6 5. d4 Bg7 6. Bg2 Bf5 7. Qb3 Qc8 8. O-O
dxc4 9. Qxc4 O-O 10. Re1 Nbd7 11. Nc3 Ne4 12. Nxe4 Bxe4 13. Ng5 Nb6 14. Qc5
Bxg2 15. Kxg2 Qd7 16. Nf3 Qd6 17. Qxd6 exd6 18. Bf4 Rad8 19. g4 Rfe8 20. Rac1
Re4 21. e3 Nd5 22. Bg3 Rxg4 23. Nd2 Rg5 24. Ne4 Rh5 25. Nxd6 Rd7 26. a3 f5 27.
Nc4 f4 28. exf4 Bxd4 29. Re4 Bf6 30. Rce1 Kg7 31. Re6 Rf5 32. R6e4 h5 33. h3
Rd8 34. R1e2 c5 35. h4 Bd4 36. Kf3 b6 37. Re6 Nc7 38. Re7+ Rf7 39. f5 Nd5 40.
Rxf7+ Kxf7 41. fxg6+ Kxg6 42. Ne5+ Kg7 43. Nc6 Rf8+ 44. Kg2 Nf4+ 45. Bxf4 Rxf4
46. Nxd4 Rxd4 47. Re7+ Kh6 48. Rxa7 Rxh4 49. Ra6 Rg4+ 50. Kh3 Rg6 51. a4 Kg7
52. a5 1/2-1/2

[Event "SG Bochum 1931-SK Gründau"]
[Site "Osnabrück"]
[Date "2010.12.27"]
[Round "1.4"]
[White "Pilat, Fabian"]
[Black "Tautz, Hendrik"]
[Result "0-1"]
[WhiteElo "1919"]
[BlackElo "1695"]
[PlyCount "90"]
[EventDate "2010.??.??"]
[WhiteTeam "SG Bochum 1931"]
[BlackTeam "SK Gründau"]

1. e4 c5 2. Nc3 e6 3. f4 d5 4. exd5 exd5 5. Bb5+ Bd7 6. Qe2+ Qe7 7. Nxd5 Qxe2+
8. Nxe2 Bd6 9. Bxd7+ Nxd7 10. d3 Ngf6 11. Ne3 O-O 12. O-O Rfe8 13. Nc3 a6 14.
Bd2 Nb6 15. b3 Re6 16. a4 Rae8 17. a5 Nbd7 18. f5 Rxe3 19. Bxe3 Rxe3 20. Rae1
Rxe1 21. Rxe1 Bc7 22. Ne4 Nxe4 23. dxe4 Kf8 24. Ra1 Ne5 25. h3 Nc6 26. Rd1 Ke7
27. Kf1 Nd4 28. Rd3 Bxa5 29. c4 Kf6 30. Kf2 Bd8 31. Ke3 Ke5 32. g4 Bg5+ 33. Kf2
Kxe4 34. Rc3 Bh4+ 35. Kf1 h5 36. Kg2 Bg5 37. Kf2 h4 38. Ke1 Bf6 39. Kf2 Nxf5
40. Rc1 Bd4+ 41. Kg2 Ne3+ 42. Kh2 Kf3 43. Rb1 Be5+ 44. Kg1 Kg3 45. Re1 Bd4 0-1

[Event "SC Neumühl-SG Porz"]
[Site "Osnabrück"]
[Date "2010.12.27"]
[Round "1.1"]
[White "Savchenko, Aleksij"]
[Black "Teichmann, Alexander"]
[Result "1-0"]
[WhiteElo "2218"]
[BlackElo "1842"]
[PlyCount "105"]
[EventDate "2010.??.??"]
[WhiteTeam "SG Porz"]
[BlackTeam "SC Neumühl"]

1. d4 Nf6 2. Nf3 g6 3. e3 Bg7 4. Be2 O-O 5. O-O d6 6. b4 c5 7. a3 a6 8. Bb2 Qb6
9. Nbd2 cxb4 10. Nc4 Qc7 11. axb4 Be6 12. Na3 h6 13. c4 Rc8 14. d5 Bd7 15. Qb3
Be8 16. Rfc1 Nbd7 17. Bd4 Ne4 18. Bd3 Ng5 19. Nd2 Bxd4 20. exd4 Nf6 21. f4 Ngh7
22. Re1 Nf8 23. f5 Qd7 24. Re2 Qd8 25. Rae1 Rc7 26. Ne4 Nxe4 27. Bxe4 Nh7 28.
fxg6 fxg6 29. Qg3 Kg7 30. c5 Nf6 31. Nc4 b5 32. Na5 Raa7 33. Nc6 Nxe4 34. Nxd8
Nxg3 35. hxg3 Rc8 36. Ne6+ Kg8 37. Ra1 Bf7 38. Ra5 Raa8 39. Kf2 g5 40. Ke1 Kh7
41. Kd2 Bh5 42. Rf2 Kg6 43. Ke3 Bd1 44. Ra1 Bg4 45. Ke4 Ra7 46. Raf1 Bxe6 47.
dxe6 dxc5 48. dxc5 a5 49. Ra1 a4 50. Rf7 Rc6 51. Kd5 Rxe6 52. Kxe6 Ra6+ 53. c6
1-0

[Event "SC Neumühl-SG Porz"]
[Site "Osnabrück"]
[Date "2010.12.27"]
[Round "1.2"]
[White "Gadzali, Kevin"]
[Black "Czybik, Nils Patrick"]
[Result "0-1"]
[WhiteElo "1687"]
[BlackElo "2065"]
[PlyCount "94"]
[EventDate "2010.??.??"]
[WhiteTeam "SC Neumühl"]
[BlackTeam "SG Porz"]

1. e4 c5 2. Nf3 g6 3. d4 cxd4 4. Nxd4 Bg7 5. c4 Nc6 6. Be3 Nf6 7. Nc3 d6 8. Be2
O-O 9. O-O Nxd4 10. Bxd4 Bd7 11. f3 Bc6 12. Qd2 Nd7 13. Bxg7 Kxg7 14. Kh1 a5
15. Rfc1 a4 16. b4 axb3 17. axb3 Qb6 18. Qb2 e5 19. b4 Nc5 20. Nd5 Bxd5 21.
exd5 Na6 22. Rab1 Kg8 23. c5 dxc5 24. bxc5 Qxb2 25. Rxb2 Nxc5 26. h3 Ra5 27.
Rd1 Rd8 28. d6 Kg7 29. Rd5 Kf6 30. Bc4 h5 31. Re2 Ra1+ 32. Kh2 Nd7 33. Rb2 Rc1
34. Bd3 Rc5 35. Be4 b6 36. Rd1 Ke6 37. Bb1 f5 38. Ba2+ Kf6 39. h4 Rdc8 40. Bd5
Rc2 41. Rb5 Re2 42. Rb4 Rcc2 43. Rg1 Red2 44. Rb5 Rc5 45. Rxc5 Nxc5 46. Bc4
Rxd6 47. Ra1 Rd4 0-1

[Event "SC Neumühl-SG Porz"]
[Site "Osnabrück"]
[Date "2010.12.27"]
[Round "1.3"]
[White "Paulus, Jeffrey"]
[Black "Brzezinka, Kenneth"]
[Result "1-0"]
[WhiteElo "1881"]
[BlackElo "1768"]
[PlyCount "67"]
[EventDate "2010.??.??"]
[WhiteTeam "SG Porz"]
[BlackTeam "SC Neumühl"]

1. d4 d5 2. Nf3 e6 3. c4 Nf6 4. Bg5 Nbd7 5. Nc3 c6 6. e3 Bd6 7. Bd3 O-O 8. Qc2
h6 9. Bh4 dxc4 10. Bxc4 b5 11. Bd3 a6 12. O-O Bb7 13. Ne4 Be7 14. Rac1 Rc8 15.
Rfd1 Nxe4 16. Bxe7 Qxe7 17. Bxe4 f5 18. Bd3 c5 19. Qe2 c4 20. Bb1 Rc7 21. e4 f4
22. Qc2 Nf6 23. e5 Ne4 24. Nd2 Ng5 25. h4 Bxg2 26. Kxg2 f3+ 27. Kf1 Rf4 28.
hxg5 Qxg5 29. Qg6 Qh4 30. Qxe6+ Rcf7 31. Ke1 Rxd4 32. Bg6 Qh1+ 33. Nf1 Rxd1+
34. Rxd1 1-0

[Event "SC Neumühl-SG Porz"]
[Site "Osnabrück"]
[Date "2010.12.27"]
[Round "1.4"]
[White "Oser, Kai"]
[Black "Kremser, Michael"]
[Result "1/2-1/2"]
[WhiteElo "1622"]
[BlackElo "1911"]
[PlyCount "59"]
[EventDate "2010.??.??"]
[WhiteTeam "SC Neumühl"]
[BlackTeam "SG Porz"]

1. e4 c5 2. Nf3 d6 3. d4 cxd4 4. Nxd4 Nf6 5. Nc3 a6 6. f3 e5 7. Nb3 Be6 8. Be3
Be7 9. Bd3 O-O 10. O-O Nbd7 11. Qe2 b5 12. a3 Nb6 13. Nd2 d5 14. exd5 Nbxd5 15.
Nxd5 Nxd5 16. Bf2 f6 17. g3 Rc8 18. c4 Nc7 19. Rfd1 Qe8 20. Rac1 bxc4 21. Bxc4
Qf7 22. Ne4 Rfd8 23. Rxd8+ Rxd8 24. Bxe6 Nxe6 25. Qxa6 Nd4 26. Bxd4 Rxd4 27.
Qc8+ Bf8 28. Nc5 Rd6 29. Ne4 Rd4 30. Nc5 1/2-1/2

[Event "SC Neumühl-SG Porz"]
[Site "Osnabrück"]
[Date "2010.12.27"]
[Round "1.5"]
[White "Sistig, Max"]
[Black "Walter, Tim Lucas"]
[Result "1-0"]
[WhiteElo "1932"]
[BlackElo "1526"]
[PlyCount "63"]
[EventDate "2010.??.??"]
[WhiteTeam "SG Porz"]
[BlackTeam "SC Neumühl"]

1. d4 Nf6 2. c4 g6 3. Nc3 Bg7 4. e4 d6 5. Nf3 O-O 6. Be2 Nbd7 7. O-O e5 8. d5
Nc5 9. Qc2 c6 10. b4 Ncd7 11. Rd1 c5 12. a3 a6 13. Ne1 Qc7 14. Be3 b6 15. Nd3
Bb7 16. Rdb1 Rab8 17. Rb2 Kh8 18. f3 Ng8 19. a4 Ne7 20. a5 f5 21. bxc5 bxc5 22.
Rab1 Ba8 23. Qa4 Nf6 24. Rb6 fxe4 25. fxe4 Rxb6 26. axb6 Qb7 27. Bxc5 Nc8 28.
Be3 Nd7 29. c5 dxc5 30. Nxc5 Nxc5 31. Bxc5 Rf6 32. Qe8+ 1-0

[Event "USV TU Dresden-SF Neuberg"]
[Site "Osnabrück"]
[Date "2010.12.27"]
[Round "1.1"]
[White "Knickel, Aaron"]
[Black "Olbrich, Jakob"]
[Result "1-0"]
[WhiteElo "2141"]
[BlackElo "1794"]
[PlyCount "113"]
[EventDate "2010.??.??"]
[WhiteTeam "SF Neuberg"]
[BlackTeam "USV TU Dresden"]

1. g3 e5 2. Bg2 Nf6 3. c4 c6 4. Nc3 Be7 5. Nf3 d6 6. O-O O-O 7. d3 Nbd7 8. a3
Re8 9. b4 h6 10. Bb2 Qc7 11. Rc1 Nf8 12. d4 Ng6 13. e4 Nh7 14. d5 b6 15. dxc6
Qxc6 16. Nd5 Bf8 17. Qd3 Bb7 18. Bh3 Bc8 19. Bxc8 Raxc8 20. Rc2 Qd7 21. Kg2 Nf6
22. Nxf6+ gxf6 23. h3 Qe6 24. Bc1 Kh7 25. Be3 Red8 26. Rfc1 Rd7 27. a4 Ne7 28.
Nh4 Nc6 29. Qd2 Ne7 30. g4 Ng8 31. Nf5 Rdc7 32. Qd3 Ne7 33. b5 Nxf5 34. gxf5
Qe7 35. Qd5 Bg7 36. Ra2 Rg8 37. a5 h5 38. axb6 axb6 39. Ra8 Rxa8 40. Qxa8 Ra7
41. Qc6 Bh6 42. Bxh6 Kxh6 43. Qxb6 Ra8 44. Kh2 Qf8 45. c5 Kh7 46. cxd6 Ra2 47.
Rc3 Re2 48. d7 Qh6 49. d8=Q Qf4+ 50. Kg2 h4 51. Qe3 Rxe3 52. Rxe3 Qg5+ 53. Kf1
Qf4 54. b6 Qh2 55. b7 Qh1+ 56. Ke2 Qc1 57. b8=Q 1-0

[Event "USV TU Dresden-SF Neuberg"]
[Site "Osnabrück"]
[Date "2010.12.27"]
[Round "1.4"]
[White "Pfefferkorn, Kai"]
[Black "Iwanziw, Niklas"]
[Result "1-0"]
[WhiteElo "1570"]
[BlackElo "1871"]
[PlyCount "67"]
[EventDate "2010.??.??"]
[WhiteTeam "USV TU Dresden"]
[BlackTeam "SF Neuberg"]

1. e4 c5 2. Nf3 d6 3. d4 cxd4 4. Nxd4 Nf6 5. Nc3 a6 6. Be3 e6 7. f3 Be7 8. Qd2
Nc6 9. O-O-O O-O 10. g4 Nd7 11. Nb3 b5 12. g5 Rb8 13. h4 Nde5 14. Be2 Nc4 15.
Bxc4 bxc4 16. Nd4 Qb6 17. Na4 Qb7 18. Qc3 Bd7 19. Nxc6 Qxc6 20. b3 d5 21. Bd4
Ba3+ 22. Nb2 Bb4 23. Qe3 cxb3 24. axb3 Rfc8 25. Rh2 a5 26. exd5 exd5 27. Qe5
Bf8 28. h5 Re8 29. Qg3 Rxb3 30. g6 fxg6 31. hxg6 h6 32. Qf4 Be6 33. Rxh6 Bg4
34. Qf7# 1-0

[Event "USV TU Dresden-SF Neuberg"]
[Site "Osnabrück"]
[Date "2010.12.27"]
[Round "1.5"]
[White "Bluhm, Achim"]
[Black "Nieke, Gottfried"]
[Result "1-0"]
[WhiteElo "1817"]
[BlackElo "1430"]
[PlyCount "75"]
[EventDate "2010.??.??"]
[WhiteTeam "SF Neuberg"]
[BlackTeam "USV TU Dresden"]

1. d4 d5 2. Nf3 c6 3. b3 Bg4 4. Ne5 Bf5 5. e3 Nd7 6. Bb2 Ngf6 7. Nd2 e6 8. Bd3
Bxd3 9. cxd3 Bd6 10. O-O O-O 11. f4 Ne8 12. Qg4 f5 13. Qe2 Rf6 14. Ndf3 Nc7 15.
Ng5 Qe7 16. Qh5 h6 17. Ngf3 Nf8 18. Nd2 Qe8 19. Qh3 Qe7 20. a3 Nb5 21. b4 Nc7
22. e4 fxe4 23. dxe4 Bxe5 24. dxe5 Rf7 25. f5 dxe4 26. f6 Qd7 27. Nxe4 b6 28.
Nd6 Nd5 29. Nxf7 Qxf7 30. fxg7 Qxg7 31. Rf6 Kh8 32. Rg6 Qh7 33. Rf1 Ne7 34. Bc1
Nf5 35. Rf6 Ng6 36. g4 Nd4 37. Rf7 Ne7 38. Kh1 1-0